00808 2200205 4500001002100000005001700021008004100038035002500079082001000104090002000114100002600134245016100160260002800321300003100349500003300380500011300413650003700526850002100563990001800584YOGYA-0209000004303420150422153832.0 ind  a0010-020900000043034 a025.2 aRQ 025.2bKus P aKUSUMA SANJAYA, Anton aPemberdayaan koleksi untuk menunjang minat baca para pegawai di perpustakaan biro organisasi setda propinsi Daerah Istimewa YogyakartacAnton Kusuma Sanjaya aYogyakartb[s.n.]c2000 axi, 65 lembarbilusc30 cm aBibliografi : lembar [64-65] aLaporan praktek kerja lapangan program studi diploma ilmu perpustakaan Fak. Ilmu Sosial dan Ilmu Politik UGM aPerpustakaan - Koleksi - Laporan aYOPDYOG [TRM 29] a25206-PD/A.07